000 00662nam a2200241Ia 4500
005 20250425162036.0
008 250425s9999 xx 000 0 und d
041 _aspa
082 _a658.404
110 _aESPOL (ESCUELA SUPERIOR POLITECNICA DEL LITORAL)
245 0 _aTECHNOPARK-ECUADOR (PARQUE TECNOLOGICO DEL ECUADOR)
250 _a1A ED.
260 _aEcuador
_bESPOL
_c2001
260 _aGUAYAQUIL
500 _aFOLLETO/ COLECCIÓN ESPOL
650 _aECUADOR
650 _aGESTION EMPRESARIAL
650 _aPARQUES TECNOLOGICOS
650 _aPROYECTOS DE DESARROLLO
650 _aTECNOLOGIA Y DESARROLLO
942 _c01
010 _a42250
999 _c221207
_d221207